Normal view
MARC view
- Indígenas de Colombia
Entry Materia
001 - NÚMERO DE CONTROL DEL REGISTRO
- campo de control: 5042
003 - IDENTIFICADOR DE NUMERO DE CONTROL
- campo de control: MX-MxUPN
005 - FECHA Y HORA DE LA ÚLTIMA TRANSACCIÓN
- campo de control: 20231127112826.0
008 - DATOS DE LONGITUD FIJA
- campo de control de longitud fija: 220906|n fnnnnbabd a ana |d
035 ## - NÚMERO DE CONTROL DEL SISTEMA
- Número de control del sistema: UPN10000005042
040 ## - FUENTE DE LA CATALOGACIÓN
- Centro catalogador de origen: MX-MxUPN
- Lengua de catalogación: spa
046 ## - FECHAS CON CODIFICACIÓN ESPECIAL
- Fecha final para contenidos agregados: 2022
150 ## - ENCABEZAMIENTO - TEMÁTICO
- Término de materia o nombre geográfico como elemento inicial: Indígenas de Colombia
450 ## - VÉASE - MATERIA
- Subcampo de control: nno
- Encabezamiento temático: Indios de América del Sur
- Subdivisión geográfica: Colombia
450 ## - VÉASE - MATERIA
- Encabezamiento temático: Indígenas de América del Sur
- Subdivisión geográfica: Colombia
670 ## - FUENTE EN LA QUE SE LOCALIZARON DATOS
- Cita de la fuente: LEMB, 1998;
- Información localizada: página 571 (Indígenas de Colombia)
902 ## - CATALOGADOR
- Catalogador: MCM/250906
- Catalogador: Víctor Ruiz/241123
